| 000 | 01415nam a2200373Ia 4500 | ||
|---|---|---|---|
| 001 | ebr10598242 | ||
| 003 | CaPaEBR | ||
| 006 | m u | ||
| 007 | cr cn||||||||| | ||
| 008 | 940701s1995 gw sb 001 0 eng d | ||
| 010 | _z 94027981 | ||
| 020 | _z9783110143553 | ||
| 020 | _z9783110871746 | ||
| 020 | _z3110143550 (acid-free) | ||
| 040 |
_aCaPaEBR _cCaPaEBR |
||
| 035 | _a(OCoLC)815507001 | ||
| 050 | 1 | 4 |
_aQA564 _b.B443 1995eb |
| 082 | 0 | 4 |
_a516.3/5 _220 |
| 100 | 1 |
_aBeltrametti, Mauro, _d1948- |
|
| 245 | 1 | 4 |
_aThe adjunction theory of complex projective varieties _h[electronic resource] / _cby Mauro Beltrametti, Andrew Sommese. |
| 260 |
_aBerlin ; _aNew York : _bW. de Gruyter, _c1995. |
||
| 300 | _axx, 398 p. | ||
| 440 | 0 |
_aDe Gruyter expositions in mathematics ; _v16 |
|
| 504 | _aIncludes bibliographical references and index. | ||
| 533 |
_aElectronic reproduction. _bPalo Alto, Calif. : _cebrary, _d2011. _nAvailable via World Wide Web. _nAccess may be limited to ebrary affiliated libraries. |
||
| 650 | 0 | _aAdjunction theory. | |
| 650 | 0 | _aEmbeddings (Mathematics) | |
| 650 | 0 | _aAlgebraic varieties. | |
| 650 | 0 | _aProjective spaces. | |
| 655 | 7 |
_aElectronic books. _2local |
|
| 700 | 1 | _aSommese, Andrew John. | |
| 710 | 2 | _aebrary, Inc. | |
| 856 | 4 | 0 |
_uhttp://site.ebrary.com/lib/rucke/Doc?id=10598242 _zAn electronic book accessible through the World Wide Web; click to view |
| 999 |
_c213228 _d213228 |
||